Những năm tháng không thể nào quên
Na minha lista:
| Autor principal: | |
|---|---|
| Formato: | Livro |
| Publicado em: |
Tp. Hồ Chí Minh
Trẻ
2009
|
| Assuntos: | |
| Tags: |
Adicionar Tag
Sem tags, seja o primeiro a adicionar uma tag!
|
| Thư viện lưu trữ: | Trung tâm Học liệu Lê Vũ Hùng, Trường Đại học Đồng Tháp |
|---|
| LEADER | 00725pam a22002418a 4500 | ||
|---|---|---|---|
| 001 | 00041168 | ||
| 005 | 20180404130449.0 | ||
| 008 | 110608s1997 ||||||Viesd | ||
| 020 | # | # | |c 66000 |
| 041 | 0 | # | |a Vie |
| 082 | 1 | 4 | |a 959.704 092 |b NH556N |
| 100 | 0 | # | |a Võ, Nguyên Giáp |
| 245 | 0 | 0 | |c Võ Nguyên Giáp |a Những năm tháng không thể nào quên |
| 260 | # | # | |a Tp. Hồ Chí Minh |b Trẻ |c 2009 |
| 300 | # | # | |c 20 cm. |a 431 tr |
| 653 | # | # | |a Hồi ức |
| 653 | # | # | |a Lịch sử |
| 653 | # | # | |a Nhân vật |
| 653 | # | # | |a Việt Nam |
| 653 | # | # | |a tướng |
| 852 | # | # | |j KD.0023336 |
| 910 | |d 04/04/2018 | ||
| 980 | # | # | |a Trung tâm Học liệu Lê Vũ Hùng, Trường Đại học Đồng Tháp |